Dopady harmonizácie dane z príjmov právnických osôb na podniky v SR bakalárska práca

Salvato in:
Dettagli Bibliografici
Autore principale: Petrašová, Diana
Ente Autore: Podnikovohospodárska fakulta EU so sídlom v Košiciach. Katedra účtovníctva a financií
Altri autori: Simonidesová, Jana, 1968-
Natura: Libro
Lingua:slovacco
Pubblicazione: Košice 2013
Tags: Aggiungi Tag
Nessun Tag, puoi essere il primo ad aggiungerne!!

MARC

LEADER 00000nbm a2200000 4500
001 0172304
005 20161109112042.6
041 0 |a slo 
044 |a SK 
245 1 0 |a Dopady harmonizácie dane z príjmov právnických osôb na podniky v SR  |b bakalárska práca  |c Diana Petrašová ; školiteľ: Jana Simonidesová 
264 1 |a Košice  |c 2013 
300 |a 51 s. 
100 1 |a Petrašová, Diana 
700 1 |a Simonidesová, Jana, 1968- 
710 2 |a Podnikovohospodárska fakulta EU so sídlom v Košiciach. Katedra účtovníctva a financií